| 000 | 00568cam a22001337a 4500 | ||
|---|---|---|---|
| 008 | 180718b1991 xxu||||| |||| 00| 0 eng d | ||
| 100 | _aMorisset, Jacques | ||
| 245 |
_aCan debt reduction policies restore investment and economic growth in highly indebted countries?: a macroeconomic framework applied to Argentina _cby Jacques Morisset |
||
| 260 |
_aWashington, D.C. _bIBRD _c1991 |
||
| 300 | _a33p. | ||
| 440 | _aWorking Papers WPS 691 | ||
| 650 | _aArgentina --Economic conditions --1983- --Econometric models | ||
| 650 | _aDebt relief --Argentina --Econometric models | ||
| 999 |
_c226206 _d226206 |
||